000 00612nam a2200229Ia 4500
005 20250108124945.0
008 008 250107s9999 xx 000 0 eng d
020 _a978-93-85428-50-0
037 _aTB
040 _aCRL
_beng
_cCRL
041 _aurd
_2eng
084 _aL45:424C R1
084 _qCRL
100 _aAhsan Zahid Au.
_9730169
245 0 _aUrdu shairi mein Hubbul Watani
_cAhsan Zahid Au.
260 _aNew Delhi, India
_bM R Publications
_c2828
300 _a360p.
365 _aINR
_b349
650 _aURDU POETRY
942 _cTB
_hL45:424C R1
999 _c1235216
_d1235216